[Event "Jerusalem 4 Seasons"]
[Site "Jerusalem"]
[Date "2015.07.22"]
[Round "8"]
[White "Flom, Gabriel"]
[Black "Moskovich, Daniel"]
[Result "1-0"]
[WhiteElo "2449"]
[BlackElo "2164"]
[PlyCount "65"]
[EventDate "2015.07.13"]
[EventType "tourn"]
[EventRounds "9"]
[EventCountry "ISR"]
[EventCategory "4"]
[SourceTitle "EXT 2016"]
[Source "ChessBase"]
[SourceDate "2015.10.08"]
[SourceVersion "1"]
[SourceVersionDate "2015.10.08"]
[SourceQuality "1"]

1. e4 d5 2. exd5 Qxd5 3. Nc3 Qa5 4. d4 e5 5. Nf3 Bg4 6. Bc4 Nf6 7. dxe5 Bxf3 8. Qxf3 Qxe5+ 9. Be3 Bb4 10. 0-0 0-0 11. Qxb7 Ng4 12. g3 Bxc3 13. Qxa8 Nxe3 14. fxe3 Qxe3+ 15. Kg2 Bf6 16. Rae1 Qb6 17. Qd5 Qc6 18. Rf3 h6 19. b4 Qxd5 20. Bxd5 Nd7 21. Ra3 Nb6 22. Bc6 Nc8 23. Re8 Rxe8 24. Bxe8 Be7 25. Bd7 Nb6 26. Rxa7 Bxb4 27. Rxc7 Nd5 28. Rb7 Bd6 29. a4 Ne3+ 30. Kf3 Nxc2 31. a5 Nb4 32. a6 Nxa6 33. Rb6 1-0

[Event "Penang op 4th"]
[Site "Penang"]
[Date "2012.12.15"]
[Round "9"]
[White "Moskovich, Daniel"]
[Black "Mas, Hafizulhelmi"]
[Result "1-0"]
[WhiteElo "2188"]
[BlackElo "2355"]
[PlyCount "98"]
[EventDate "2012.12.11"]
[EventType "swiss"]
[EventRounds "9"]
[EventCountry "MAS"]
[SourceTitle "EXT 2014"]
[Source "ChessBase"]
[SourceDate "2013.11.20"]
[SourceVersion "1"]
[SourceVersionDate "2013.11.20"]
[SourceQuality "1"]

1. d4 Nf6 2. Bg5 d5 3. e3 c5 4. c3 Nc6 5. f4 Ne4 6. Bh4 Qb6 7. Qb3 c4 8. Qc2 Bf5 9. Qc1 h6 10. Nf3 f6 11. Nfd2 Nd6 12. Be2 g5 13. Bh5+ Kd7 14. Bf2 Rg8 15. Bf3 e6 16. 0-0 Qc7 17. b3 b5 18. a4 Bd3 19. axb5 Nxb5 20. bxc4 Bxf1 21. cxd5 exd5 22. Bxd5 Rg7 23. Qxf1 Rb8 24. c4 Nb4 25. fxg5 Nxd5 26. Bg3 Bd6 27. Qf5+ Ke7 28. Qxd5 Rxg5 29. Qe4+ Kd8 30. cxb5 Bxg3 31. hxg3 Rgxb5 32. g4 Rb2 33. Qe6 Qg7 34. Qd5+ Ke8 35. Qe4+ Kf8 36. Nf1 R2b5 37. Nbd2 h5 38. gxh5 Rxh5 39. Ra6 Rhb5 40. Qf4 R8b6 41. Rxb6 Rxb6 42. Qe4 Qc7 43. Qa8+ Rb8 44. Qd5 a5 45. Ne4 Kg7 46. Nfg3 Rb1+ 47. Kf2 Rb2+ 48. Kf3 a4 49. Nf5+ Kg6 1-0

[Event "Penang op 4th"]
[Site "Penang"]
[Date "2012.12.13"]
[Round "5"]
[White "Moskovich, Daniel"]
[Black "Lim, Kian Hwa"]
[Result "1-0"]
[WhiteElo "2188"]
[BlackElo "1828"]
[PlyCount "121"]
[EventDate "2012.12.11"]
[EventType "swiss"]
[EventRounds "9"]
[EventCountry "MAS"]
[SourceTitle "EXT 2014"]
[Source "ChessBase"]
[SourceDate "2013.11.20"]
[SourceVersion "1"]
[SourceVersionDate "2013.11.20"]
[SourceQuality "1"]

1. d4 d5 2. Nf3 Nf6 3. g3 Nbd7 4. Bg2 Ne4 5. c4 c6 6. cxd5 cxd5 7. 0-0 e6 8. Nc3 Ndf6 9. Ne5 Nd6 10. Qb3 Be7 11. f3 Nd7 12. e4 Qb6 13. Nxd7 Qxd4+ 14. Kh1 Bxd7 15. exd5 e5 16. f4 f6 17. fxe5 fxe5 18. Qc2 Bf6 19. b3 Rc8 20. Bb2 0-0 21. Rad1 Qb4 22. Qd2 Bg4 23. Nb1 Qxd2 24. Rxd2 Bg5 25. Rxf8+ Rxf8 26. Bxe5 Bxd2 27. Bxd6 Rf2 28. Bc5 Re2 29. Bf1 b6 30. Bxe2 Bxe2 31. Bxb6 Bb4 32. Bd4 Bd3 33. a3 Bxb1 34. axb4 Be4+ 35. Kg1 Bxd5 36. Bxa7 Bxb3 37. Kf2 Bc4 38. Ke3 Kf7 39. Kd4 Be2 40. Kc5 Ke7 41. Kc6 Bf3+ 42. Kc7 Be2 43. Be3 g6 44. Bg5+ Ke6 45. Kc6 Bf3+ 46. Kc7 Be2 47. Bf4 h5 48. Kb6 Kf5 49. b5 h4 50. Bc7 Ke6 51. Bd8 Bf3 52. Kc7 Kd5 53. b6 Kd4 54. b7 Bxb7 55. Kxb7 Ke3 56. Kc6 Kf3 57. Kd5 Kg2 58. Ke4 Kxh2 59. Bxh4 Kg2 60. Kf4 Kf2 61. Kg5 1-0

[Event "ISR-chT"]
[Site "Ramat Aviv"]
[Date "2000.03.24"]
[Round "7.4"]
[White "Lev, Ronen"]
[Black "Moskovich, Daniel"]
[Result "1-0"]
[WhiteElo "2448"]
[BlackElo "2167"]
[PlyCount "79"]
[EventDate "2000.01.14"]
[EventType "team"]
[EventRounds "11"]
[EventCountry "ISR"]
[SourceTitle "CBM 077"]
[Source "ChessBase"]
[SourceDate "2000.07.27"]
[SourceVersion "1"]
[SourceVersionDate "2000.07.27"]
[SourceQuality "1"]
[WhiteTeam "Herzliya"]
[BlackTeam "Jerusalem Elitzur II"]
[WhiteTeamCountry "ISR"]
[BlackTeamCountry "ISR"]

1. d4 d5 2. c4 e6 3. Nc3 c6 4. Nf3 dxc4 5. a4 Bb4 6. e3 b5 7. Bd2 a5 8. axb5 Bxc3 9. Bxc3 cxb5 10. b3 Bb7 11. bxc4 b4 12. Bb2 Nf6 13. Bd3 Nbd7 14. 0-0 Qc7 15. Re1 0-0 16. e4 e5 17. c5 Rfe8 18. Rc1 Ba6 19. c6 Nb6 20. Bxa6 Rxa6 21. Nxe5 a4 22. d5 Qd6 23. Qd3 Rea8 24. Bd4 b3 25. Qb5 Nc8 26. Qb7 Qf8 27. Bc5 Qe8 28. Nd7 Ng4 29. e5 Qd8 30. h3 Nh6 31. Qb4 Nf5 32. Rb1 h5 33. Qe4 Qg5 34. f4 Qg3 35. Qxf5 a3 36. e6 f6 37. e7 Nxe7 38. Rxe7 a2 39. Nxf6+ Kf8 40. Rd7# 1-0

[Event "ISR-chT"]
[Site "Ramat Aviv"]
[Date "2000.01.21"]
[Round "2.4"]
[White "Moskovich, Daniel"]
[Black "Hasidovski, Arnold"]
[Result "1/2-1/2"]
[WhiteElo "2167"]
[BlackElo "2177"]
[PlyCount "69"]
[EventDate "2000.01.14"]
[EventType "team"]
[EventRounds "11"]
[EventCountry "ISR"]
[SourceTitle "CBM 074 Extra"]
[Source "ChessBase"]
[SourceDate "2000.03.10"]
[SourceVersion "2"]
[SourceVersionDate "2000.03.10"]
[SourceQuality "1"]
[WhiteTeam "Jerusalem Elitzur II"]
[BlackTeam "Netanya"]
[WhiteTeamCountry "ISR"]
[BlackTeamCountry "ISR"]

1. d4 Nf6 2. Bg5 d5 3. e3 Nbd7 4. Bd3 e5 5. c4 Bb4+ 6. Nc3 exd4 7. exd4 dxc4 8. Bxc4 0-0 9. Nge2 Nb6 10. Bd3 h6 11. Bh4 Be7 12. Rc1 Nfd5 13. Bg3 Bg5 14. Ra1 Be6 15. 0-0 Nxc3 16. bxc3 Bc4 17. f4 Bf6 18. f5 c6 19. Nf4 Re8 20. Qf3 Bxd3 21. Qxd3 Nd5 22. Rae1 Rxe1 23. Bxe1 Nxf4 24. Rxf4 Qd7 25. Re4 Re8 26. Qe2 Kf8 27. Bg3 Rxe4 28. Qxe4 b5 29. Be5 Bxe5 30. Qxe5 Qe7 31. Kf2 Qh4+ 32. Kf3 Qh5+ 33. Kf2 Qh4+ 34. Kf3 Qh5+ 35. Kf2 1/2-1/2